000 00587nam a2200169Ia 4500
008 090201s9999 xx 000 0 und d
010 _aKPL-58530
040 _bमराठी
041 _aमराठी
082 _a6101
_b58530
100 _aगणेश स शेंदुर्णीकर
245 _aआदिशक्ती मुक्ताई
_cगणेश स शेंदुर्णीकर
260 _c2004
_bशेंेदुर्णीकर
300 _a275
_bमोठा
600 _aआदिशक्ती मुक्ताई
942 _cBOOK
999 _c206945
_d206945